| 000 | 01143nam a22003494a 4500 | ||
|---|---|---|---|
| 001 | 12684236 | ||
| 005 | 20171114135132.0 | ||
| 008 | 020212s20032010ohua | b 001 0 eng d | ||
| 010 | _a | ||
| 020 | _a1439080704 | ||
| 020 | _a9781439080702 | ||
| 020 | _a0324379242 (Access Code) | ||
| 020 | _a9780324379242 (Access Code) | ||
| 035 | _a(DLC) 2002020827 | ||
| 035 | _a(DLC)152 | ||
| 040 |
_aDLC _cDLC _dDLC |
||
| 042 | _apcc | ||
| 050 | 0 | 0 |
_aHD30.4 _b.Z54 2003 |
| 082 | 0 | 0 |
_222 _a658.403072 _bZIK |
| 100 | 1 |
_aZikmund, William G. _99083 |
|
| 245 | 1 | 0 |
_aBusiness Research Methods / _cWilliam G. Zikmund...[et. al.]. |
| 250 |
_a8th ed. _binternational edition |
||
| 260 |
_aAustralia : _bSouth-Western, _cc2010. |
||
| 300 |
_axxii, 674 p. : _bill.; _c27 cm. |
||
| 500 | _aIncludes index. | ||
| 541 | _aBacca ; | ||
| 650 | 0 |
_aManagement _xResearch. _99084 |
|
| 653 |
_bBus _cOctober2011 |
||
| 650 | 0 |
_99085 _aBusiness _xResearch |
|
| 942 |
_2ddc _cBB |
||
| 999 |
_c14734 _d14734 |
||